The Intelligent Persons: Guide to Liberalization (Record no. 841465)

MARC details
000 -LEADER
fixed length control field 00376pam a2200133 a 4500
020 ## - INTERNATIONAL STANDARD BOOK NUMBER
Terms of availability
041 ## - LANGUAGE CODE
Language code of original
082 ## - DEWEY DECIMAL CLASSIFICATION NUMBER
Classification number 338.184092
100 ## - MAIN ENTRY--PERSONAL NAME
Personal name BHADURI (Amit) / NAYYAR (Deepak)
Relator term author
245 ## - TITLE STATEMENT
Title The Intelligent Persons: Guide to Liberalization
Medium Textual Document
260 ## - PUBLICATION, DISTRIBUTION, ETC.
Name of publisher, distributor, etc. Penguin Books India Pvt. Ltd. New Delhi , London
Date of publication, distribution, etc. 1996
300 ## - PHYSICAL DESCRIPTION
Extent XIII,194
930 ## - EQUIVALENCE OR CROSS-REFERENCE-UNIFORM TITLE HEADING [LOCAL, CANADA]
Uniform title 10707
Holdings
Withdrawn status Lost status Damaged status Not for loan Collection Home library Current library Date acquired Cost, normal purchase price Total Checkouts Full call number Barcode Date last seen Copy number Price effective from Koha item type
          Institute of Management & Research, New Delhi Institute of Management & Research, New Delhi 08/01/1999 150.00   338.184092 IMD-26PB0005891 17/08/2023 1 17/08/2023 Book